| 000 | 00504nam a2200169Ia 4500 | ||
|---|---|---|---|
| 003 | GCL | ||
| 008 | 140319s9999 xx 000 0 ara d | ||
| 040 |
_aGCL / _cGCL |
||
| 082 | 0 | 4 |
_a923.2 _bم ع |
| 100 | 1 | _aعلى احمد شكرى | |
| 245 | 1 | 0 |
_aمذكرات جمال باشا / _cعلى احمد شكرى |
| 300 | _a559 ص | ||
| 490 |
_aالهيئة العامة للاستعلامات _v0 |
||
| 650 | 0 | 4 | _aالتراجم |
| 650 | 0 | 4 | _aالامبراطورية العثمانية |
| 942 |
_2ddc _cBK |
||
| 999 |
_c49857 _d49857 |
||